Najpopularniejsi dostawcy internetu w Polsce - Statystyki

Ogólne statystyki
  • Ten quiz został rozwiązany 50 razy
  • Średni wynik to 5 z 10
Statystyki odpowiedzi
L.p. Dostawca % Poprawnych
1. Orange
100%
7. T-Mobile
86%
2. Play
81%
9. Plus
81%
4. Netia
60%
3. UPC
44%
6. VectraNet
35%
8. Inea
19%
5. Multimedia
12%
10. Toya
12%
Nie znaleziono quizów pasujących do podanych kryteriów
Rozkład punktacji
Procent ludzi z każdym wynikiem
Percentyl według liczby udzielonych odpowiedzi
Twoja historia wyników
Nie rozwiązałeś tego quizu